banner-ar

المبين فى شرح معانى الفاظ الحكماء والمتكلمين / (Record no. 37900)

MARC details
000 -الفاتح
حقل البيانات ثابتة الطول 00737nam a2200205Ia 4500
008 - عناصر البيانات ثابتة الطول - معلومات عامة
حقل البيانات ثابتة الطول 140319s9999 xx 000 0 ara d
040 ## - مصدر الفهرسة
وكالة الفهرسة الأصلية GCL /
وكالة النسخ GCL
082 04 - رقم تصنيف ديوى العشرى
رقم التصنيف 412
رقم المادة ا م
100 1# - المدخل الرئيسى - إسم شخصى
الإسم الشخصى حسن محمود الشافعى
245 10 - بيان العنوان
العنوان المبين فى شرح معانى الفاظ الحكماء والمتكلمين /
بيان المسئوليه,etc حسن محمود الشافعى
700 1# - المدخل الاضافى - اسم شخصى
الإسم الشخصى الامدى، سيف الدين ابو الحسن على
300 ## - الوصف المادى
التعداد 148 ص
490 ## - بيان السلسلة
عنوان السلسلة فى المصطلح الكلامى والفلسفى
رقم المجلد/ التعيين التسلسلي 0
650 04 - المدخل الاضافى بالموضوع-مصطلح موضوعى
مصطلح موضوعي الفلسفة الاسلامية
650 04 - المدخل الاضافى بالموضوع-مصطلح موضوعى
مصطلح موضوعي المنطق الصورى
650 04 - المدخل الاضافى بالموضوع-مصطلح موضوعى
مصطلح موضوعي علم الكلام
650 04 - المدخل الاضافى بالموضوع-مصطلح موضوعى
مصطلح موضوعي علم الكلام - مصطلحات
942 ## - عناصر المدخل الإضافي( كوها)
مصدر التصنيف او مخطط الترفيف Dewey Decimal Classification
Koha [default] item type كتاب
Holdings
حالة التراجع حالة الفقد حالة تلف ليس للاعارة المكان المؤقت الموقع الحالى تاريخ الاكتساب اجمالي اﻻعارات رقم الطلب الباركود تاريخ اخر مشاهدة تاريخ تفعيل السعر نوع وعاء كوها
        مكتبة القاهرة الكبرى مكتبة القاهرة الكبرى 03/26/2014   412\ا م 92636 03/26/2014 03/26/2014 كتاب
        مكتبة القاهرة الكبرى مكتبة القاهرة الكبرى 03/26/2014   412\ا م 92637 03/26/2014 03/26/2014 كتاب

Powered By

EGPV